Slovensko-nemecký slovník /
Guardado en:
| Autor principal: | |
|---|---|
| Formato: | Libro |
| Lenguaje: | lenguas múltiples |
| Publicado: |
Bratislava :
Topas,
1991
|
| Edición: | 3.nezm.vyd. |
| Etiquetas: |
Sin Etiquetas, Sea el primero en etiquetar este registro!
|
MARC
| LEADER | 00000nam a22000003a 4500 | ||
|---|---|---|---|
| 001 | stu26 | ||
| 005 | 20150617225621.3 | ||
| 008 | 910211s1991----cs------------------mul-d | ||
| 040 | |a STU |b slo | ||
| 041 | 0 | |a mul | |
| 044 | |a cs | ||
| 080 | |a 801.323.2=854=30 | ||
| 100 | 1 | |a Dratva, Tomáš |4 aut | |
| 245 | 1 | |a Slovensko-nemecký slovník / |c [aut.] Dratva,Tomáš | |
| 250 | |a 3.nezm.vyd. | ||
| 260 | |a Bratislava : |b Topas, |c 1991 | ||
| 300 | |a 943 s | ||
| 996 | |b 284EK08296 |c E*74009 |l EE01 |s A |a 24 |w stu26_0001 | ||
| 996 | |b E74561 |c E*74561 |l EE05 |s P |a 0 |w stu26_0004 | ||
| 996 | |b E77533 |c R*77533 |l RRUM |s A |a 24 |w stu26_0005 | ||
| 996 | |b E74222 |c E*74222 |l EE09 |s P |a 0 |w stu26_0006 | ||